भारत के श्रेस्ठ शिक्षा संस्थान / (Record no. 111671)
[ view plain ]
| 000 -LEADER | |
|---|---|
| fixed length control field | 01099nam a22002657a 4500 |
| 005 - DATE AND TIME OF LATEST TRANSACTION | |
| control field | 20170124102927.0 |
| 010 ## - LIBRARY OF CONGRESS CONTROL NUMBER | |
| LC control number | B-144725 |
| 020 ## - INTERNATIONAL STANDARD BOOK NUMBER | |
| Terms of availability | 250.00 |
| 035 ## - SYSTEM CONTROL NUMBER | |
| System control number | B-144725 |
| 037 ## - SOURCE OF ACQUISITION | |
| Source of stock number/acquisition | Cen Lib/Ret |
| 040 ## - CATALOGING SOURCE | |
| Original cataloging agency | DPL |
| Language of cataloging | HN |
| 082 ## - DEWEY DECIMAL CLASSIFICATION NUMBER | |
| Classification number | 371.954 |
| Item number | आर्यपी |
| 100 ## - MAIN ENTRY--PERSONAL NAME | |
| Personal name | आर्यपी, पी.के. |
| 9 (RLIN) | 72 |
| 245 ## - TITLE STATEMENT | |
| Title | भारत के श्रेस्ठ शिक्षा संस्थान / |
| Statement of responsibility, etc | पी.के.आर्य |
| 246 ## - VARYING FORM OF TITLE | |
| Title proper/short title | bharat ke shreshath shiksha sansthan |
| Remainder of title | by P.K. Arya |
| 260 ## - PUBLICATION, DISTRIBUTION, ETC. (IMPRINT) | |
| Place of publication, distribution, etc | जयपुर |
| Name of publisher, distributor, etc | मनोज पब्लिकेशन्स |
| Date of publication, distribution, etc | 2005 |
| 270 ## - ADDRESS | |
| Address | धामानी मार्किट की गली चौड़ा रास्ता |
| City | जयपुर |
| 300 ## - PHYSICAL DESCRIPTION | |
| Extent | 189पृष्ठ. : |
| Dimensions | 21सेमी(सजिल्द) |
| Other physical details | चित्र. |
| 650 ## - SUBJECT ADDED ENTRY--TOPICAL TERM | |
| Topical term or geographic name as entry element | शिक्षा |
| 9 (RLIN) | 44010 |
| 650 ## - SUBJECT ADDED ENTRY--TOPICAL TERM | |
| Topical term or geographic name as entry element | शिक्षा संस्थान |
| 9 (RLIN) | 44011 |
| 650 ## - SUBJECT ADDED ENTRY--TOPICAL TERM | |
| Topical term or geographic name as entry element | Education |
| 9 (RLIN) | 1169 |
| 650 ## - SUBJECT ADDED ENTRY--TOPICAL TERM | |
| Topical term or geographic name as entry element | Education-Institutes |
| 9 (RLIN) | 44012 |
| 700 ## - ADDED ENTRY--PERSONAL NAME | |
| 9 (RLIN) | 42542 |
| 942 ## - ADDED ENTRY ELEMENTS (KOHA) | |
| Source of classification or shelving scheme | Dewey Decimal Classification |
| Koha item type | Hindi Books |
| Classification part | 371.954 |
| Call number suffix | आर्यपी |
| Withdrawn status | Lost status | Damaged status | Not for loan | Collection code | Home library | Current library | Date acquired | Source of acquisition | Cost, normal purchase price | Total Checkouts | Full call number | Barcode | Date last seen | Copy number | Cost, replacement price | Price effective from | Koha item type |
|---|---|---|---|---|---|---|---|---|---|---|---|---|---|---|---|---|---|
| Not For Loan | Reference | Central Library | Central Library | 04/08/2015 | Cen Lib/Ret | 250.00 | 371.954 आर्यपी | B-144725 | 04/08/2015 | 1 | 250.00 | 04/08/2015 | Hindi Books |
